Statistics for States with the Most Victory Points in HOI4

Click here to take the quiz!

General Stats

  • This quiz has been taken 141 times
  • The average score is 10 of 20

Answer Stats

CountryVictory PointsState% Correct
United Kingdom50Greater London Area
86%
Soviet Union50Moscow
86%
United States71California
84%
Germany55Brandenburg
77%
Netherlands70Holland
70%
Belgium67Vlaanderen
66%
Mexico35Mexico City
63%
France50Ile de France
60%
Czechoslovakia40Bohemia
53%
Australia51New South Wales
50%
Italy45Latium
48%
United States45Maryland
46%
Austria35Lower Austria
41%
Japan50Kanto
34%
United States35Pennsylvania
34%
Japan55Kyushu
28%
United Kingdom35Sussex
16%
Japan40Kansai
13%
United Kingdom36Cairo
12%
United Kingdom35Lancashire
6%

Score Distribution

Percentile by Number Answered

Percent of People with Each Score

Your Score History

You have not taken this quiz